| 000 | 00406nam a22001697a 4500 | ||
|---|---|---|---|
| 003 | NUST | ||
| 005 | 20240321113830.0 | ||
| 008 | 240321b ||||| |||| 00| 0 eng d | ||
| 020 | _a978-1119597278 | ||
| 028 | _aWiley | ||
| 040 | _adlc | ||
| 082 |
_a690 _bALL |
||
| 245 |
_aExercises in Building Construction _cEdward Allen |
||
| 250 | _a7th Edition | ||
| 260 |
_aCanada _c2019 |
||
| 942 |
_2ddc _cBK _e7th |
||
| 999 |
_c608709 _d608709 |
||